| 000 | 00397cam a2200145 4500 | ||
|---|---|---|---|
| 001 | J119371 | ||
| 008 | 020816n2001 000 0 eng u | ||
| 035 | _a(Sirsi) u119371 | ||
| 050 | _a348.41047 | ||
| 110 | _aIncorporated Council of Law Reporting | ||
| 245 | 4 | _aThe consolidated index to leading law reports 1991-2000 | |
| 260 |
_aLondon _bICLR _c2001 |
||
| 300 |
_a1186p. _c24cm. |
||
| 942 | _n0 | ||
| 999 |
_c102297 _d102297 |
||